LEADER 02324oam 2200649M 450 001 9910716526203321 005 20210615052946.0 035 $a(CKB)5470000002522896 035 $a(OCoLC)1065673463 035 $a(OCoLC)995470000002522896 035 $a(EXLCZ)995470000002522896 100 $a20071213d1926 ua 0 101 0 $aeng 135 $aurcn||||||||| 181 $ctxt$2rdacontent 182 $cc$2rdamedia 183 $acr$2rdacarrier 200 10$aFrench spoliations. April 19 (calendar day, April 21), 1926. -- Ordered to be printed 210 1$a[Washington, D.C.] :$c[U.S. Government Printing Office],$d1926. 215 $a1 online resource (13 pages) 225 1 $aSenate report / 69th Congress, 1st session. Senate ;$vno. 643, pt. 1 & 2 225 1 $a[United States congressional serial set] ;$v[serial no. 8528] 300 $aPublication contains discontinuous pagination. 300 $aPart 2 is dated June 3, 1926. 300 $aPart 2, Minority report, follows p. 9. 300 $aBatch processed record: Metadata reviewed, not verified. Some fields updated by batch processes. 300 $aFDLP item number not assigned. 517 $aFrench spoliations. April 19 606 $aGovernment liability (International law) 606 $aClaims 606 $aJudgments 606 $aLegislative amendments 606 $aMarine insurance 606 $aMerchant ships 606 $aSeizure of vessels and cargoes 606 $aNaval battles$zUnited States 606 $aNaval battles$zFrance 608 $aLegislative materials.$2lcgft 615 0$aGovernment liability (International law) 615 0$aClaims. 615 0$aJudgments. 615 0$aLegislative amendments. 615 0$aMarine insurance. 615 0$aMerchant ships. 615 0$aSeizure of vessels and cargoes. 615 0$aNaval battles 615 0$aNaval battles 701 $aGoff$b Guy Despard$f1867-1933$pRepublican (WV)$01386835 701 $aHowell$b Robert Beecher$f1864-1933$pRepublican (NE)$01388445 801 0$bWYU 801 1$bWYU 801 2$bOCLCO 801 2$bOCLCQ 906 $aBOOK 912 $a9910716526203321 996 $aFrench spoliations. April 19 (calendar day, April 21), 1926. -- Ordered to be printed$93529984 997 $aUNINA